ბათუმის შოთა რუსთაველის სახელმწიფო უნივერსიტეტის ბიბლიოთეკა

Сельскохозяйственная мелиорация и основы геодезии (ბიბ.ჩანაწერი № 45844)

000 -LEADER
fixed length control field 00722nam a2200217Ia 4500
001 - CONTROL NUMBER
control field 12673
003 - CONTROL NUMBER IDENTIFIER
control field GE_BSU
008 - FIXED-LENGTH DATA ELEMENTS--GENERAL INFORMATION
fixed length control field 181216s||||||||xx |||||||||||||| ||und||
020 ## - INTERNATIONAL STANDARD BOOK NUMBER
International Standard Book Number 5100003618
040 ## - CATALOGING SOURCE
Transcribing agency GE_BSU
080 ## - UNIVERSAL DECIMAL CLASSIFICATION NUMBER
Universal Decimal Classification number 631.6(075.32)+528(075.32)
245 ## - TITLE STATEMENT
Title Сельскохозяйственная мелиорация и основы геодезии
245 ## - TITLE STATEMENT
Statement of responsibility, etc. Под.ред.Г.Н.Мартыненко
260 ## - PUBLICATION, DISTRIBUTION, ETC.
Place of publication, distribution, etc. Москва
260 ## - PUBLICATION, DISTRIBUTION, ETC.
Name of publisher, distributor, etc. Агропромиздат
260 ## - PUBLICATION, DISTRIBUTION, ETC.
Date of publication, distribution, etc. 1988
300 ## - PHYSICAL DESCRIPTION
Extent 304стр.
300 ## - PHYSICAL DESCRIPTION
Accompanying material Предметный указатель стр.300
653 ## - INDEX TERM--UNCONTROLLED
Uncontrolled term Сельскохозяйственная мелиорация и основы геодезии
942 ## - ADDED ENTRY ELEMENTS (KOHA)
Koha item type წიგნი
ეგზემპლარები
Withdrawn status Lost status Damaged status Not for loan Date acquired Barcode Date last seen Price effective from Koha item type
        2018-12-17 20958 2018-12-17 2018-12-17 წიგნი
        2018-12-17 20959 2018-12-17 2018-12-17 წიგნი
        2018-12-17 20960 2018-12-17 2018-12-17 წიგნი
        2018-12-17 20961 2018-12-17 2018-12-17 წიგნი
        2018-12-17 20962 2018-12-17 2018-12-17 წიგნი
        2018-12-17 20963 2018-12-17 2018-12-17 წიგნი
        2018-12-17 20964 2018-12-17 2018-12-17 წიგნი
        2018-12-17 20965 2018-12-17 2018-12-17 წიგნი
        2018-12-17 20966 2018-12-17 2018-12-17 წიგნი
        2018-12-17 20967 2018-12-17 2018-12-17 წიგნი